Tra i palazzi di via Balbi: storia della facoltà di Lettere e Filosofia dell'Università degli Studi di Genova

Na minha lista:
Detalhes bibliográficos
Autor principal: Assereto, Giovanni (Autor)
Formato: Livro
Idioma:Língua italiana
Publicado em: Génova Università di Genova 2003
Edição:1a. ed
coleção:Fonti e Studi per la Storia dell'Università di Genova, 5
Assuntos:
Tags: Adicionar Tag
Sem tags, seja o primeiro a adicionar uma tag!

MARC

LEADER 00000cam a2200000 a 4500
001 UCD9230
003 CL-VaPUC
008 170609e20030000it |||||||||||||||||ita|d
082 0 4 |a 100.0711945  |b ASS  |2 21 
100 0 |a Assereto, Giovanni  |e author  |9 592937 
245 1 0 |a Tra i palazzi di via Balbi: storia della facoltà di Lettere e Filosofia dell'Università degli Studi di Genova 
250 |a 1a. ed 
300 |a 696 p 
942 |c BK 
945 |d 20170609 16:51:00  |a dcastane 
260 |a Génova  |b Università di Genova  |c 2003 
650 0 |a Educación superior   |9 223851 
650 0 |a Universidades  |9 256317 
650 7 |a FACULTADES  |2 CL-VaPUC  |9 518183 
650 0 |a Historia de la educación superior  |9 476612 
583 |a last modification  |c 20170609 16:51:00  |k Rodrigo Vera 
490 0 |a Fonti e Studi per la Storia dell'Università di Genova, 5 
999 |c 368483  |d 368481 
952 |0 0  |1 0  |3 erd  |4 0  |6 100_071194500000000_ASS_2003  |7 0  |8 A  |9 483816  |a FDOLAF  |b FDOLAF  |e Laffi, Umberto, 1939-  |i 5396964  |o 100.0711945 ASS 2003  |p 5396964  |r 2024-01-30  |w 2019-11-24  |y BK  |z Catalogado en:20170609  |k LAF